| 000 | 00624nam a2200205 4500 | ||
|---|---|---|---|
| 003 | AR-RoBPED | ||
| 005 | 20251017142001.0 | ||
| 008 | 251017s2017 cl ||||| |||| 00| 1 spa d | ||
| 020 | _a9789563840315 | ||
| 040 | _aAR-RoBPED | ||
| 041 | _aspa | ||
| 100 | 1 |
_aRivera Letelier, Hernán _d1950- _927818 |
|
| 245 | 1 | 3 |
_aLa muerte se desnuda en La Habana / _cHernán Rivera Letelier. |
| 260 |
_aSantiago : _bAlfaguara, _c2017. |
||
| 300 | _a177 p. | ||
| 650 | 1 | 7 |
_aLITERATURA CHILENA _9297 |
| 650 | 1 | 7 |
_aNOVELAS POLICIALES _91746 |
| 942 |
_2udc _aK. 32167 _cBK _h860(83)-31 _mRL 68 m _nInv. 41014 |
||
| 945 | _asa 17/10/2025 | ||
| 999 |
_c32167 _d32167 |
||